header

Case material and role play in counselling training (Record no. 729)

MARC details
000 -LEADER
fixed length control field 01277nam a2200349 a 4500
082 04 - DEWEY DECIMAL CLASSIFICATION NUMBER
Classification number 158/.3/07
100 1# - MAIN ENTRY--AUTHOR NAME
Personal name Tolan, Janet,
245 10 - TITLE STATEMENT
Title Case material and role play in counselling training
260 ## - PUBLICATION, DISTRIBUTION, ETC. (IMPRINT)
Place of publication London ;
-- New York :
Name of publisher Routledge,
Year of publication 1995.
300 ## - PHYSICAL DESCRIPTION
Number of Pages vi, 192 p. :
Other physical details ill.
500 ## - GENERAL NOTE
General note Includes index.
650 #0 - SUBJECT ADDED ENTRY--TOPICAL TERM
Topical Term Counselors
Topical Term Role playing.
Topical Term Case method.
Topical Term Counseling
700 1# - ADDED ENTRY--PERSONAL NAME
Personal name Lendrum, Susan,
856 40 - ELECTRONIC LOCATION AND ACCESS
Uniform Resource Identifier http://site.ebrary.com/lib/rucke/Doc?id=5004118

No items available.

© 2026 Rongo University
Contact us: librarian | system librarian | Rongo university